000 00789nam a2200205 4500
008 031215s2001 enk eng
020 _a1854245171 :
_cL6.99
090 _aBV705
_bM45f
100 1 _aMelander, Rochelle
245 1 0 _a50 spiritual exercises :
_bfor developing healthy groups and teams /
_cRochelle Melander and Harold Eppley.
250 _a[2nd ed.]
260 _aCrowborough :
_bMonarch,
_cc2001.
300 _a127 p.
500 _aFirst published as: Growing together, spiritual exercises for church committees. Augsburg, 1998.
650 4 _aChurch committees.
650 4 _aChurch officers
_xPrayer-books and devotions
_xEnglish.
650 4 _aSpiritual exercises.
700 1 _aEppley, Harold
951 _p26767
_x00028808
_oBV705/M45f
_j070613111328734
_d2000-12-21
_cGC
999 _c18445
_d18445